Historia de la filosofía
Salvato in:
| Natura: | Libro |
|---|---|
| Lingua: | spagnolo |
| Pubblicazione: |
Ciudad de México
Siglo Veintiuno
1990
|
| Edizione: | 9a. ed |
| Soggetti: | |
| Tags: |
Aggiungi Tag
Nessun Tag, puoi essere il primo ad aggiungerne!!
|
MARC
| LEADER | 00000nam a2200000 a 4500 | ||
|---|---|---|---|
| 001 | UCL1517 | ||
| 003 | CL-VaPUC | ||
| 008 | 030911e19900000MX |||||||||||||||||spa|d | ||
| 020 | |a 9682302218 obra completa | ||
| 020 | |a 9682309387 v.8 | ||
| 082 | 0 | 4 | |a 109 |b HIS |2 21 |
| 245 | 1 | 0 | |a Historia de la filosofía |
| 250 | |a 9a. ed | ||
| 300 | |a v | ||
| 942 | |c BK | ||
| 945 | |d 20030911 00:00:00 |a vberengu | ||
| 260 | |a Ciudad de México |b Siglo Veintiuno |c 1990 | ||
| 500 | |a v.8: La filosofía en el siglo XIX | ||
| 650 | 0 | |a Historia de la filosofía |9 256920 | |
| 583 | |a last modification |c 20030911 00:00:00 |k Rodrigo Vera | ||
| 999 | |c 305053 |d 305051 | ||
| 952 | |0 0 |1 0 |4 0 |6 109_000000000000000_HIS_1990 |7 0 |8 A |9 368001 |a BIBTEO |b BIBTEO |d 2019-11-21 |h v.8 |i 2077353 |o 109 HIS 1990 |p 2077353 |r 2025-01-17 |w 2019-11-21 |y BK |k ICR | ||